000 00492cam a22002051 4500
001 sa 67002819
003 DLC
005 20260227112333.0
008 881028s1966 xx 000 0 beno
010 _asa 67002819
035 _a(OCoLC)23541793
040 _aDLC
_cMiU
_dDLC
042 _apremarc
050 0 0 _aPK1718.C423
_bK55
100 1 _aChatterjee, Hari Narayan,
_d1916-
245 1 0 _aKlānta bihaṅgī.
260 _c[1966]
300 _a439 p.
_c23 cm.
500 _aRomanized.
999 _c73447
_d73447